Elektronický podpis je ako vlastnoručný

Otázka bezpečnosti elektronického podpisu. Možnosti na bezpečné uloženie prvkov elektronického podpisu - disketa, pevný disk, čipivá karta a bezpečnostné predmety /tokeny/. Bezpečnosť týchto možností. Zálohovanie a riziko zneužitia.

Salvato in:
Dettagli Bibliografici
Autore principale: Oster, Jaroslav
Natura: Capitolo di libro
Lingua:slovacco
Soggetti:
Tags: Aggiungi Tag
Nessun Tag, puoi essere il primo ad aggiungerne!!

MARC

LEADER 00000naa a2200000 4500
001 r047683
005 20230920090358.7
041 0 |a slo 
044 |a SK 
245 1 0 |a Elektronický podpis je ako vlastnoručný  |c Jaroslav Oster 
520 |a Otázka bezpečnosti elektronického podpisu. Možnosti na bezpečné uloženie prvkov elektronického podpisu - disketa, pevný disk, čipivá karta a bezpečnostné predmety /tokeny/. Bezpečnosť týchto možností. Zálohovanie a riziko zneužitia. 
610 2 0 |a technológie informačné 
610 2 0 |a podpis elektronický 
610 2 0 |a bezpečnosť 
100 1 |a Oster, Jaroslav